000 00763nam a2200241 a 4500
001 10210
003 BD-RjUL
005 20211208234919.0
008 140123s1960 nyua b 001 0 eng u
035 _a09-84/L/r84
_a(BD-RjUL)10258
040 _aDLC
_cDLC
_dm.c
_dBD-RjUL
_beng
041 _aeng
082 _a541.394
_bBEF 1960
_223
100 1 _aBenson, Sidney William,
_d1918-
_931550
245 1 4 _aThe foundations of chemical kinetics /
_cSidney W. Benson.
260 _aNew York ;
_aLondon :
_bMcGraw-Hill,
_c1960.
300 _axvii, 703 p. :
_bill. ;
_c24 cm.
504 _aIncludes bibliography and index.
650 0 _aChemical kinetics.
_931551
830 0 _aMcGraw-Hill series in advanced chemistry
_9155919
942 _2ddc
_cBK
999 _c10210
_d10210